| 000 | 00428ntaaa2200169 4500 | ||
|---|---|---|---|
| 003 | 01 | ||
| 005 | 20251027201925.0 | ||
| 008 | 0714s1973 ag 01 | ||
| 040 |
_aAR-BaBN _bspa _cAR-BaBN _eaacr _dRIC |
||
| 082 | _a244.4120 L62p | ||
| 245 | _aEl príncipe de paz | ||
| 250 | _a1 ed. | ||
| 260 |
_aMontevideo : _bCruzada de Literatura Cristiana, _cn.f. |
||
| 300 | _as. p. | ||
| 500 | _ahistoria bíblicas para niños | ||
| 942 | _cBK | ||
| 999 |
_c13967 _d13967 |
||